|
|
|
|
| LEADER |
00000naa2a2200000 4500 |
| 001 |
74374 |
| 005 |
20240115143216.0 |
| 035 |
|
|
|a (RuTPU)RU\TPU\book\79314
|
| 090 |
|
|
|a 74374
|
| 100 |
|
|
|a 20050303d2000 k y0rusy50 ca
|
| 101 |
0 |
|
|a rus
|
| 102 |
|
|
|a RU
|
| 200 |
1 |
|
|a Распределённая информационная система для дистанционного обучения на основе Internet-технологий
|f Н. Г. Марков [и др.]
|
| 463 |
|
1 |
|0 (RuTPU)RU\TPU\book\14603
|t Проблемы и практика инженерного образования. Высшее техническое образование: Качество и интернационализация
|o труды IV Международной научно-практической конференции, 14-17 марта 2000 г., г. Томск
|f Томский политехнический университет
|v С. 62
|d 2000
|p 190 с.
|
| 610 |
1 |
|
|a информационные системы
|
| 610 |
1 |
|
|a распределённые системы
|
| 610 |
1 |
|
|a дистанционное обучение
|
| 610 |
1 |
|
|a internet-технологии
|
| 610 |
1 |
|
|a методы обучения
|
| 610 |
1 |
|
|a учебные процессы
|
| 610 |
1 |
|
|a труды учёных ТПУ
|
| 701 |
|
1 |
|a Марков
|b Н. Г.
|c российский специалист в области информатики и вычислительной техники
|c профессор Томского политехнического университета, доктор технических наук
|f 1950-
|g Николай Григорьевич
|3 (RuTPU)RU\TPU\pers\24748
|9 10989
|
| 701 |
|
1 |
|a Чередов
|b А. Д.
|c российский ученый, специалист в области вычислительной техники
|c доцент Томского политехнического университета, кандидат технических наук
|f 1946-
|g Андрей Дмитриевич
|3 (RuTPU)RU\TPU\pers\28082
|
| 701 |
|
1 |
|a Мирошниченко
|b Е. А.
|c специалист в области информатики и вычислительной техники
|c доцент Томского политехнического университета, кандидат технических наук
|f 1972-
|g Евгений Александрович
|3 (RuTPU)RU\TPU\pers\26747
|9 12390
|
| 701 |
|
1 |
|a Ананин
|b Е. А.
|
| 801 |
|
1 |
|a RU
|b 63413507
|c 20050303
|g PSBO
|
| 801 |
|
2 |
|a RU
|b 63413507
|c 20180116
|g PSBO
|
| 942 |
|
|
|c BK
|